Indigene Völker Südamerikas - Karten Quiz - Statistiken

Allgemein
  • Dieses Quiz wurde 21 mal gespielt
  • Das Durchschnittsergebnis liegt bei 2 aus 12
Antworten auf der Karte
Die Antworten werden auf der Karte rot bzw. grün angezeigt, abhängig davon wie oft sie richtig erraten wurden.
 
Antwortstatistiken
Antwort % Korrekt
Mapuche
41%
Quechua
41%
Pemon
29%
Aymara
24%
Xingu
24%
Patamona
18%
Chamacoco
6%
Charrúa
6%
Emberá
6%
Toba
6%
Kichwa
0%
Tiriyó
0%
Keine übereinstimmenden Quizze gefunden
Verteilung der Resultate
Anzahl Personen mit jedem Resultat
Perzentil nach korrekt beantworteten Fragen
Ihre Resultats-Entwicklung
Sie haben dieses Quiz noch nicht gespielt